000 00432nam a2200157 4500
005 20260211164808.0
008 260211b |||||||| |||| 00| 0 eng d
041 _aEnglish
082 _a610 INC SB0082
100 _aINC
245 _aSyllabus and Regulations Post Basic Diploma in Operation Room Nursing
260 _aNew Delhi
_bIndian Nursing Council
_c2007
300 _a26p
_bpb
365 _aRupaye
_b100
_cINR
942 _cSB
999 _c370421
_d370421